=LDR 00000nam 2200000 4500 =001 INLIS000000000058401 =005 20210921090241 =035 ##$$a 0010-0921000205 =007 ta =008 210921###########################0#ind## =020 ##$$a 978-602-9473-52-0 =082 ##$$a 920 =084 ##$$a 920 Air c1 =245 1#$$a Cut Meutia : $b Berjuang sampai akhir hayat /$c Aira Kimberly =300 ##$$a 62 halaman : $b Ilustrasi ; $c 21 cm =600 #4$$a Biggrafi =264 ##$$a jakarta :$b Bee media pustaka,$c 2020 =336 ##$$a teks$2 rdacontent =337 ##$$a lain-lain$2 rdamedia =338 ##$$a lain-lain$2 rdacarrier =990 ##$$a 10491049 =990 ##$$a 10491049